| 000 | 01373cam a22002891i 4500 | ||
|---|---|---|---|
| 003 | SA-RiAUC | ||
| 005 | 20250731054828.0 | ||
| 008 | 250729s2008 ua g 00110 ara c | ||
| 020 | _a9789960585772 | ||
| 040 |
_aSA-MaMIU _bara _cSA-RiAUC _erda |
||
| 082 | 0 | 4 | _a258.1 |
| 090 |
_a258.1 _bا ب ن م |
||
| 100 | 1 |
_aابن ملك، محمد بن عبد اللطيف بن عبد العزيز، _dتوفي 854 هجري _eمؤلف. |
|
| 245 | 1 | 0 |
_aشرح كتاب تحفة الملوك / _cمحمد بن عبد اللطيف بن عبد العزيز بن ملك ؛ تحقيق عبد المجيد بن عبد الرحمن الدرويش. |
| 264 | 1 |
_aالقاهرة : _bشركة ألفا للنشر، _c2008 |
|
| 300 |
_a2 مجلد ؛ _c24 سم |
||
| 336 |
_aنص _btxt _2rdacontent _3كتاب |
||
| 337 |
_aبدون وسيط _bn _2rdamedia |
||
| 338 |
_aمجلد _bnc _2rdacarrier |
||
| 500 | _aيشتمل علي كشاف. | ||
| 650 | 7 |
_aالفقه الحنفي _2aucsh |
|
| 700 | 1 |
_aالدرويش، عبد المجيد بن عبد الرحمن بن عبد الله _eمحقق. |
|
| 700 | 1 | 2 |
_aالرازي، محمد بن أبي بكر بن عبد القادر، _dتوفي بعد 666 هجري |
| 740 | 0 | 2 | _aتحفة الملوك في فقه مذهب الإمام أبي حنيفة النعمان. |
| 942 |
_2ddc _cBOOK _n0 |
||
| 949 |
_aSA-JeALM _d250729 _umohamedma123 _n1 |
||
| 999 |
_c10397 _d10397 |
||